300 điều nên tránh trong giao tiếp

Kaydedildi:
Detaylı Bibliyografya
Yazar: NGUYỄN HẠNH
Materyal Türü: Kitap
Dil:Undetermined
Baskı/Yayın Bilgisi: VHTT 2002
Etiketler: Etiketle
Etiket eklenmemiş, İlk siz ekleyin!
Thư viện lưu trữ: Trung tâm Học liệu Trường Đại học Cần Thơ
LEADER 00419nam a2200145Ia 4500
001 CTU_49975
008 210402s9999 xx 000 0 und d
082 |a 153.6 
082 |b G731 
100 |a NGUYỄN HẠNH 
245 0 |a 300 điều nên tránh trong giao tiếp 
245 0 |c NGUYỄN HẠNH, Baltasar Gracian 
260 |b VHTT 
260 |c 2002 
980 |a Trung tâm Học liệu Trường Đại học Cần Thơ